000
00235nam a22001097a 4500
003
OSt
008
250104b |||||||| |||| 00| 0 eng d
041
_a
eng
245
_a
Udhyaanakrishi
260
_b
Kerala Bhaasha Institute
942
_c
BK
999
_c
18929
_d
18929